| 000 | 00726 a2200181 4500 | ||
|---|---|---|---|
| 003 | NUST | ||
| 005 | 20221121175758.0 | ||
| 020 | _a8178881365 | ||
| 040 | _cNust | ||
| 082 | _a515.625,TRI | ||
| 100 |
_aTrivedi, S.D. _959829 |
||
| 245 |
_aComprehensive differential equations (Vol-2) / _cS. D. Trivedi |
||
| 260 |
_aNew Delhi _bDominant Pub. _c2003 |
||
| 300 | _a170 p.: | ||
| 505 | _aOrdinary Simultaneous Differential Equations (Page-303), Total Differential Equations (Page-357), Integration In Series (Page-422), Partial Differential Equations Of The First Order (Page-493), Partial Differential Equations With Constant Coefficients (Page-564). | ||
| 650 |
_aDifferential equations _9688 |
||
| 942 |
_2ddc _cBK _k515.625,TRI |
||
| 999 |
_c182108 _d182108 |
||